000 005810000a22001930004500
041 0 _aSPA
082 0 4 _aG 234.8 D686s
100 1 _aDonner, Theodorus Gerardus (Theo G.)
245 1 0 _aLa santificación : Desde la perspectiva del Antiguo Testamento. Siete estudios bíblicos / Theo G. Donner
250 _a2
260 _aMedellín, Colombia : Seminario Bíblico de Colombia
300 _a74 Pag
650 1 4 _aSANTIFICACION
001 4003
942 _cBK
999 _c34621
_d34621
336 _atexto
_btxt
_2rdacontent
337 _2rdamedia
_asin mediación
_bn
338 _2rdacarrier
_avolumen
_bnc